Ocean liners
Guardat en:
| Autor principal: | |
|---|---|
| Format: | Llibre |
| Idioma: | anglès |
| Publicat: |
Londres
New Burlington Books
1977
|
| Matèries: | |
| Etiquetes: |
Afegir etiqueta
Sense etiquetes, Sigues el primer a etiquetar aquest registre!
|
MARC
| LEADER | 00000cam a2200000 a 4500 | ||
|---|---|---|---|
| 001 | UCF5889 | ||
| 003 | CL-VaPUC | ||
| 008 | 130328e19770000UK |||||||||||||||||eng|d | ||
| 082 | 0 | 4 | |a 387.253 |b WAL |2 21 |
| 100 | 0 | |a Wall, Robert |e author |9 567876 | |
| 245 | 1 | 0 | |a Ocean liners |
| 300 | |a 256 p | ||
| 942 | |c BK | ||
| 945 | |d 20130328 00:00:00 |a dcastane | ||
| 260 | |a Londres |b New Burlington Books |c 1977 | ||
| 650 | 7 | |a TRANSATLANTICOS |2 CL-VaPUC |9 547183 | |
| 650 | 7 | |a DISEÑO DE BARCOS |2 CL-VaPUC |9 490947 | |
| 650 | 7 | |a HISTORIA DE LA NAVEGACION |2 CL-VaPUC |9 547184 | |
| 650 | 0 | |a Transporte marítimo |9 260127 | |
| 583 | |a last modification |c 20130328 10:53:00 |k Rodrigo Vera | ||
| 999 | |c 351282 |d 351280 | ||
| 952 | |0 0 |1 0 |4 0 |6 387_253000000000000_WAL_1977 |7 0 |8 A |9 455297 |a BIBHIS |b BIBHIS |d 2019-11-22 |i 4949978 |o 387.253 WAL 1977 |p 4949978 |r 2025-01-20 |w 2019-11-22 |y BK |k HIS | ||